00484nam a2200193 a 4500001001300000003000900013005001700022008004100039020001000080082001300090100002200103245003300125260004200158300000800200500003500208505001300243650001200256700002200268nice12345678IN_TiNIC20260116012111.0050524s1963 edia grp 000 0 eng  ac10000a251bPHI aPhilibert, Michel aChrist`s Preachings and Ours aEdinburghbEdinburgh Universityc1963 a55p aincludes index and biblioraphy2 aAppendex aSermons1 aPhilibert, Michel